| 000 | 00535nam a2200181Ia 4500 | ||
|---|---|---|---|
| 008 | 131103s9999 xx 000 0 und d | ||
| 040 | _aLoreto College | ||
| 041 | _aEnglish | ||
| 082 |
_a822.33/(ID)/JUL/DOR _bLCLIB/28905 |
||
| 245 |
_aJulius Caesar _cEdited by T.S.Dorsch |
||
| 260 |
_aCalcutta _bB.I publication _c1981 |
||
| 300 |
_a166p. _c 20 cm. |
||
| 650 | _aShakespeare, William - Julius Caesar-criticism | ||
| 651 | _aEnglish Drama | ||
| 700 | _aHumphreys,Arther,ed. | ||
| 850 | _aLCLIB/822.33/(ID)/JUL/DOR | ||
| 942 | _cBK | ||
| 999 |
_c21980 _d72459 |
||